Normal view
MARC view
Entry Corporate Name
001 - CONTROL NUMBER
- control field: 22985
003 - CONTROL NUMBER IDENTIFIER
- control field: ARRUPE
005 - DATE AND TIME OF LATEST TRANSACTION
- control field: 20160318112458.0
008 - FIXED-LENGTH DATA ELEMENTS
- fixed length control field: 160318|| aca||aabn | a|a d
040 ## - CATALOGING SOURCE
- Original cataloging agency: ARRUPE
- Transcribing agency: ARRUPE
110 ## - HEADING--CORPORATE NAME
- Corporate name or jurisdiction name as entry element: Education for Participatory Democracy Project (National Council of Churches of Kenya)
670 ## - SOURCE DATA FOUND
- Source citation: Work cat.: (ARRUPE)0: Wanjohi, Nick Gatheru. 22981, Multiparty electoral process in Kenya /, 1992.